| 000 | 01652nam a2200493 i 4500 | ||
|---|---|---|---|
| 001 | 30738 | ||
| 003 | KOSZ 005 | ||
| 005 | 20210913150944.0 | ||
| 008 | 990226s1995 pl a |000 0 pol | ||
| 015 | _aUWD 1999/3241 | ||
| 020 | _a8386328517 | ||
| 035 | _a991009032289705066 | ||
| 035 | _a(PL-WaBN)b12356815-48omnis_nlop | ||
| 035 | _ab12356815 | ||
| 035 | _a(OCoLC)830198075 | ||
| 035 | _a(PL)b0000001235681 | ||
| 035 | _a(EXLNZ-48OMNIS_NETWORK)9910056923705606 | ||
| 040 |
_aWA N _cWA N _dKOSZ 005/HR |
||
| 041 | 1 |
_apol _heng |
|
| 046 | _k1995 | ||
| 080 | _a745.54 | ||
| 080 | _a688 | ||
| 080 | _a(02.025.2) | ||
| 100 | 1 |
_aTremaine, Jon _eAutor |
|
| 245 | 1 | 0 |
_aOrigami / _cJon Tremaine ; [tł. Monika Nemeczek]. |
| 260 |
_aKraków : _bWydaw. Ryszard Kluszczyński, _ccop. 1995. |
||
| 300 |
_aS. 5-107, [1] : _bfot. kolor., rys. ; _c26 x 29 cm. |
||
| 336 |
_aTekst _btxt _2rdacontent |
||
| 337 |
_aBez urządzenia pośredniczącego _bn _2rdamedia |
||
| 338 |
_aWolumin _bnc _2rdacarrier |
||
| 380 | _aKsiążki | ||
| 388 | _a1901-2000 | ||
| 388 | _a1989-2000 | ||
| 490 | 1 | _aPrzedstawiamy Świat ... | |
| 500 | _aTyt. oryg.: "Origami" 1995. - Na okł. podtyt.: jak wykonać użytkowe i dekoracyjne modele z papieru. | ||
| 650 | 7 |
_aOrigami _2DBN |
|
| 658 | _aHobby i czas wolny | ||
| 700 | 1 |
_aNemeczek, Monika _eTłumaczenie |
|
| 710 | 2 |
_aWydawnictwo Ryszard Kluszczyński _4pbl |
|
| 830 | 0 | _aPrzedstawiamy Świat ... | |
| 856 |
_uhttp://koha.tu.koszalin.pl/cgi-bin/koha/opac-detail.pl?biblionumber=30738 _yKatalog online BPK |
||
| 942 |
_2UKD _cKS |
||
| 999 |
_c30738 _d30738 |
||